El habla de la ciudad de Madrid (Record no. 77315)

MARC details
000 -LEADER
campo de control de longitud fija 00814nam a2200217 i 4500
001 - NÚMERO DE CONTROL
campo de control 77315
003 - IDENTIFICADOR DE NÚMERO DE CONTROL
campo de control ES-MaACL
005 - FECHA Y HORA DE LA ÚLTIMA TRANSACCIÓN
campo de control 20230906173147.0
007 - CAMPO FIJO DE DESCRIPCIÓN FÍSICA--INFORMACIÓN GENERAL
campo de control de longitud fija t|
008 - DATOS DE LONGITUD FIJA--INFORMACIÓN GENERAL
campo de control de longitud fija 041008s1981 sp ||||1| spa d
245 03 - MENCIÓN DEL TÍTULO
Título El habla de la ciudad de Madrid
Resto del título : materiales para su estudio /
Mención de responsabilidad, etc. edición de M. Esgueva y M. Cantarero.
260 ## - PUBLICACIÓN, DISTRIBUCIÓN, ETC.
Lugar de publicación, distribución, etc. Madrid :
Nombre del editor, distribuidor, etc. Instituto Miguel de Cervantes,
Fecha de publicación, distribución, etc. 1981.
300 ## - DESCRIPCIÓN FÍSICA
Extensión XIV, 449 p. ;
Dimensiones 22 cm.
490 1# - MENCIÓN DE SERIE
Mención de serie La norma lingüística culta de la lengua española hablada en Madrid ;
Designación de volumen o secuencia 1
700 1# - ENTRADA AGREGADA--NOMBRE PERSONAL
Nombre de persona Esgueva Martínez, Manuel A.
9 (RLIN) 47722
700 1# - ENTRADA AGREGADA--NOMBRE PERSONAL
Nombre de persona Cantarero, M.
9 (RLIN) 34627
830 0# - PUNTO DE ACCESO ADICIONAL DE SERIE-TÍTULO UNIFORME
Título uniforme La norma lingüística culta de la lengua española hablada en Madrid ;
Designación de volumen o secuencia 1
9 (RLIN) 184460
852 ## - LOCALIZACIÓN
Ubicación ES-MaACL
Número de control de estantería L-1621
Sublocalización o colección R.102622
852 ## - LOCALIZACIÓN
Ubicación ES-MaACL
Número de control de estantería C-27635
Sublocalización o colección R.103079
Holdings
Estatus retirado Estado de pérdida Estado de daño No para préstamo Biblioteca de origen Biblioteca actual Ubicación en estantería Fecha de adquisición Fuente de adquisición Total de préstamos Signatura topográfica completa Código de barras Visto por última vez Precio de reemplazo Tipo de ítem Koha
        Biblioteca del Ateneo de Madrid Biblioteca del Ateneo de Madrid Depósito 2 17/01/2008     L-1621 1080894 23/02/2023 23/02/2023 Libro impreso
        Biblioteca del Ateneo de Madrid Biblioteca del Ateneo de Madrid Depósito 2 17/01/2008     C-27635 1080895 23/02/2023 23/02/2023 Libro impreso